[Event "44th Olympiad"]
[Site "Chennai IND"]
[Date "2022.08.06"]
[Round "8.3"]
[White "Vincent Keymer"]
[Black "Nodirbek Abdusattorov"]
[Result "1/2-1/2"]
[EventDate "2022.07.29"]
[WhiteElo "2686"]
[BlackElo "2688"]
[PlyCount "86"]

1. Nf3 d5 2. g3 Nc6 3. d4 Bf5 4. Bg2 Nb4 5. Na3 e6 6. O-O Be7 7. c3 Nc6 8. Qa4 Nf6 9. Ne5 O-O 10. Nxc6 bxc6 11. Qxc6 h5 12. Nb1 h4 13. Bf4 Rb8 14. b4 Bd6 15. Bxd6 cxd6 16. Qa4 h3 17. Bh1 Qb6 18. Nd2 Rfc8 19. Rfc1 e5 20. e3 e4 21. f3 a5 22. a3 Qa6 23. c4 exf3 24. b5 Qa7 25. Bxf3 Qe7 26. Kf2 Re8 27. Re1 dxc4 28. e4 Qa7 29. Qxc4 d5 30. Qc5 Qxc5 31. dxc5 dxe4 32. g4 Red8 33. Nxe4 Bxe4 34. Bxe4 Rxb5 35. Rac1 Rb2+ 36. Kg3 g5 37. Rc3 Rd1 38. Rce3 Nxe4+ 39. Rxe4 Rxe1 40. Rxe1 Rb3+ 41. Kf2 Rc3 42. Re3 Rxc5 43. Kg3 1/2-1/2

[Event "44th Olympiad"]
[Site "Chennai IND"]
[Date "2022.08.05"]
[Round "7.4"]
[White "Aleksandar Indjic"]
[Black "Vincent Keymer"]
[Result "1/2-1/2"]
[EventDate "2022.07.29"]
[WhiteElo "2620"]
[BlackElo "2686"]
[PlyCount "158"]

1. c4 Nf6 2. Nc3 e5 3. Nf3 Nc6 4. d3 Bb4 5. Bd2 O-O 6. a3 Bxc3 7. Bxc3 e4 8. dxe4 Nxe4 9. Rc1 d6 10. g3 Re8 11. Bg2 Qe7 12. b4 Bg4 13. Ba1 Ng5 14. Ng1 Ne6 15. h3 Bh5 16. Nf3 a5 17. b5 Ne5 18. Nxe5 dxe5 19. Bxb7 Rad8 20. Bd5 Nd4 21. g4 Bg6 22. e3 Ne6 23. f3 Qxa3 24. Kf2 h5 25. gxh5 Bxh5 26. Rg1 Qe7 27. Bxe5 Ng5 28. Rxg5 Qxg5 29. Bf4 Qh4+ 30. Bg3 Qe7 31. Qd4 Qa3 32. Re1 Rd7 33. Be5 Re6 34. Bxc7 Rg6 35. Bg3 Rf6 36. Bf4 Rg6 37. Qa1 Qd3 38. Qd1 Qf5 39. Rg1 Rxg1 40. Kxg1 Qxh3 41. Kf2 Qh4+ 42. Kg2 g5 43. Be5 g4 44. fxg4 Bxg4 45. Qd4 Qh3+ 46. Kf2 Bf3 47. Bxf3 Rxd4 48. Bxd4 Qh2+ 49. Kf1 Qc2 50. Bd5 Qd1+ 51. Kf2 Qc2+ 52. Kg3 Qg6+ 53. Kf4 Qh6+ 54. Kf3 Qh5+ 55. Kf2 Qf5+ 56. Kg3 Qg6+ 57. Kf4 Qh6+ 58. Kf3 Qh5+ 59. Kf2 Qf5+ 60. Bf3 Qc2+ 61. Be2 Qf5+ 62. Bf3 Qc2+ 63. Kg3 Qxc4 64. b6 a4 65. b7 Qc7+ 66. Kg4 a3 67. Kf5 a2 68. Bc6 Qd6 69. Bb2 Qc5+ 70. Be5 Qxe5+ 71. Kxe5 a1=Q+ 72. Kd6 Qa7 73. Kc7 Kf8 74. Kc8 Qc5 75. b8=Q Qxc6+ 76. Kd8 Qd5+ 77. Kc7+ Ke7 78. Qb4+ Ke6 79. Qg4+ f5 1/2-1/2

[Event "44th Olympiad"]
[Site "Chennai IND"]
[Date "2022.08.03"]
[Round "6.7"]
[White "Vincent Keymer"]
[Black "Luca Jr Moroni"]
[Result "1/2-1/2"]
[EventDate "2022.07.29"]
[WhiteElo "2686"]
[BlackElo "2584"]
[PlyCount "138"]

1. d4 Nf6 2. c4 e6 3. Nf3 d5 4. Nc3 c6 5. e3 Nbd7 6. Be2 Bd6 7. O-O O-O 8. a4 a5 9. Qc2 dxc4 10. Bxc4 Qe7 11. h3 e5 12. Ba2 Kh8 13. Bd2 h6 14. Nh4 Nb6 15. Rae1 e4 16. Bb1 Re8 17. f3 Bg3 18. fxe4 Bxh4 19. e5 g6 20. exf6 Bxf6 21. Qb3 Ra6 22. Bd3 Be6 23. d5 Nxd5 24. Bxa6 bxa6 25. Nxd5 Bxd5 26. Qd3 Bxb2 27. Bc3+ Bxc3 28. Qxc3+ Kg8 29. e4 Bxe4 30. Qc4 Kg7 31. Qd4+ Kg8 32. Qc4 Kg7 33. Re2 Qa7+ 34. Kh1 Qe7 35. Qxa6 Qc5 36. Qb7 Re7 37. Qb2+ Qe5 38. Qd2 Qd5 39. Qc3+ Qe5 40. Qd2 Qd5 41. Qc3+ Qe5 42. Qb3 Qe6 43. Qa3 Qe5 44. Rd1 Rb7 45. Rde1 Rb4 46. Qc1 Rxa4 47. Qxc6 Bxc6 48. Rxe5 Rc4 49. R1e2 a4 50. Ra5 Rd4 51. Ra2 h5 52. Kh2 h4 53. Ra7 Bd7 54. Re2 Bc6 55. Rf2 Bd5 56. Rd7 Kh6 57. Ra2 f5 58. Rxd5 Rxd5 59. Rxa4 Kg5 60. Kg1 Rd2 61. Kf1 Rb2 62. Rc4 Kh5 63. Rf4 Rb5 64. Ra4 Kg5 65. Kf2 Kh5 66. Ra8 Rb4 67. Ra5 Kg5 68. Ra6 Rb5 69. Rc6 1/2-1/2

[Event "44th Olympiad"]
[Site "Chennai IND"]
[Date "2022.08.02"]
[Round "5.10"]
[White "Jan Subelj"]
[Black "Vincent Keymer"]
[Result "0-1"]
[EventDate "2022.07.29"]
[WhiteElo "2498"]
[BlackElo "2686"]
[PlyCount "114"]

1. e4 c5 2. Nf3 d6 3. Bb5+ Nd7 4. d4 cxd4 5. Nxd4 Nf6 6. O-O g6 7. Re1 Bg7 8. Bf1 Nc5 9. f3 O-O 10. Be3 Ne6 11. c4 Nxd4 12. Bxd4 Be6 13. Nc3 Qa5 14. Nd5 Bxd5 15. exd5 Rfe8 16. Kh1 Nh5 17. Re3 Bxd4 18. Qxd4 Ng7 19. Re4 Rad8 20. a3 e5 21. dxe6 Rxe6 22. b4 Rxe4 23. Qxe4 Qb6 24. Rd1 Re8 25. Qf4 Nf5 26. Bd3 Qf2 27. Qc1 Ne3 28. Rd2 Ng4 29. Be4 Qe3 30. fxg4 Rxe4 31. h3 Rxc4 32. Qxc4 Qxd2 33. Qc8+ Kg7 34. Qxb7 Qc1+ 35. Kh2 Qxa3 36. Qb8 Qa6 37. Qc7 h6 38. Qc3+ Kg8 39. Qc7 Qb6 40. Qc8+ Kg7 41. Qc3+ Kh7 42. Qf6 Kg8 43. Qf4 d5 44. h4 d4 45. h5 g5 46. Qd2 Qc7+ 47. g3 Qc3 48. Qf2 d3 49. Qe3 Qc2+ 50. Kh3 Qe2 51. Qd4 d2 52. Qd8+ Kg7 53. Qd4+ Kh7 54. Qf6 Qc4 55. Qf3 Kg7 56. b5 Qc2 57. b6 d1=Q 0-1

[Event "55th Biel GM"]
[Site "Biel SUI"]
[Date "2022.07.20"]
[Round "5"]
[White "Vincent Keymer"]
[Black "D Gukesh"]
[Result "0-1"]
[EventDate "2022.07.10"]
[WhiteElo "2686"]
[BlackElo "2684"]
[PlyCount "134"]

1. c4 e6 2. Nc3 d5 3. d4 Nf6 4. cxd5 exd5 5. Bg5 Bb4 6. e3 h6 7. Bf4 Bf5 8. Bd3 Bxd3 9. Qxd3 O-O 10. Ne2 c6 11. g4 Ne4 12. h4 Nd7 13. a3 Ba5 14. f3 Nxc3 15. bxc3 Re8 16. Kf2 Nf8 17. g5 h5 18. Be5 Qd7 19. Ng3 g6 20. c4 b5 21. c5 Bc7 22. f4 a5 23. Rab1 Rad8 24. Qf1 Rb8 25. Qh3 Ne6 26. Rb3 Rb7 27. Kg2 a4 28. Rb2 Bxe5 29. fxe5 b4 30. axb4 Reb8 31. Rhb1 a3 32. Rb3 a2 33. Ra1 Rxb4 34. Rxb4 Rxb4 35. Rxa2 Rxd4 36. Qh1 Rg4 37. Ra8+ Kh7 38. Qb1 Nxg5 39. hxg5 h4 40. Qf1 Rxg3+ 41. Kh2 Qe6 42. Ra7 Rxg5 43. Qxf7+ Qxf7 44. Rxf7+ Kh6 45. Rf6 Rxe5 46. Rxc6 Rxe3 47. Rd6 Rd3 48. c6 Rc3 49. Kg2 Kh5 50. Rxd5+ g5 51. Rd6 h3+ 52. Kh2 Kh4 53. Rh6+ Kg4 54. Rd6 Rc2+ 55. Kg1 Kg3 56. Rd3+ Kh4 57. c7 Rxc7 58. Rd4+ g4 59. Kh2 Rc2+ 60. Kg1 Re2 61. Ra4 Kg3 62. Ra3+ Kf4 63. Ra4+ Kf3 64. Ra3+ Re3 65. Ra1 g3 66. Rb1 h2+ 67. Kh1 Kg4 0-1

[Event "55th Biel GM"]
[Site "Biel SUI"]
[Date "2022.07.19"]
[Round "4"]
[White "Quang Liem Le"]
[Black "Vincent Keymer"]
[Result "1-0"]
[EventDate "2022.07.10"]
[WhiteElo "2722"]
[BlackElo "2686"]
[PlyCount "154"]

1. d4 Nf6 2. c4 e6 3. g3 Bb4+ 4. Nd2 d5 5. Bg2 O-O 6. Nf3 b6 7. O-O Bb7 8. Ne5 a5 9. a3 Be7 10. cxd5 exd5 11. Nb1 Nbd7 12. Nc3 Ne4 13. Nxe4 dxe4 14. Qc2 Nxe5 15. dxe5 Qd5 16. Rd1 Qxe5 17. Bf4 Qe6 18. Qxc7 Ba6 19. Qd7 Bxe2 20. Qxe6 fxe6 21. Rd7 Bf6 22. Bxe4 Rad8 23. Bc6 Bc4 24. Rxd8 Rxd8 25. Rc1 Bb3 26. a4 Bd4 27. Bb5 h6 28. Be3 Bxe3 29. fxe3 g5 30. Rf1 Kg7 31. h4 Rd5 32. Be8 Rd8 33. Bb5 Rc8 34. hxg5 hxg5 35. Rf2 Rc1+ 36. Rf1 Rc5 37. Be8 Rc8 38. Bb5 Bd5 39. Bd3 Rc5 40. Kf2 e5 41. e4 Bb3 42. Bb5 Rc2+ 43. Ke3 Rg2 44. Kf3 Rxb2 45. Kg4 Be6+ 46. Kxg5 Rb3 47. Rg1 Re3 48. Bc6 Rf3 49. Be8 Rd3 50. g4 Rd4 51. Re1 Rc4 52. Bb5 Rc2 53. Rg1 Rc3 54. Rb1 Rc8 55. Be2 Rc6 56. Rb5 Bd7 57. Rxe5 Rg6+ 58. Kf4 Rf6+ 59. Ke3 Bxa4 60. g5 Rf7 61. Re6 Rb7 62. Bc4 b5 63. Bd5 Ra7 64. Re8 Kh7 65. Kf4 Bd1 66. Rb8 a4 67. Kf5 Bh5 68. e5 Rd7 69. Rxb5 Kg7 70. Ra5 Be8 71. e6 Rc7 72. Ra8 Bb5 73. e7 Rxe7 74. Rg8+ Kh7 75. g6+ Kh6 76. Rh8+ Kg7 77. Rh7+ Kf8 1-0

[Event "55th Biel GM"]
[Site "Biel SUI"]
[Date "2022.07.14"]
[Round "1"]
[White "Vincent Keymer"]
[Black "Andrey Esipenko"]
[Result "1/2-1/2"]
[EventDate "2022.07.10"]
[WhiteElo "2686"]
[BlackElo "2682"]
[PlyCount "106"]

1. Nf3 d5 2. g3 Nf6 3. Bg2 e6 4. O-O Be7 5. c4 O-O 6. d4 dxc4 7. Qc2 a6 8. a4 Bd7 9. Qxc4 Bc6 10. Bg5 Nbd7 11. Nc3 h6 12. Bxf6 Nxf6 13. b4 Bd5 14. Nxd5 exd5 15. Qb3 c6 16. e3 Bd6 17. Rfc1 Qe7 18. Rab1 Rfd8 19. Rc2 h5 20. h4 Ne4 21. b5 axb5 22. axb5 Ra3 23. Qb2 cxb5 24. Ne5 Ra5 25. Rbc1 Ba3 26. Qa2 Ra6 27. Rb1 b4 28. Bxe4 dxe4 29. Qc4 Rb6 30. Qc7 Re6 31. Qxe7 Rxe7 32. Rc5 g6 33. Nc4 Re6 34. Rb3 Rc6 35. Rxc6 bxc6 36. Nxa3 bxa3 37. Rxa3 Rb8 38. Kg2 Rb4 39. Rc3 Rb6 40. Ra3 Rb4 41. Ra8+ Kg7 42. Ra7 c5 43. dxc5 Rc4 44. Rc7 Kf6 45. g4 hxg4 46. Kg3 Rc2 47. c6 Ke6 48. Rc8 Kf5 49. Rf8 f6 50. Rc8 Rc1 51. c7 Rc2 52. Kg2 Rc1 53. Kg3 1/2-1/2

[Event "55th Biel GM Rapid"]
[Site "Biel SUI"]
[Date "2022.07.12"]
[Round "1.3"]
[White "Andrey Esipenko"]
[Black "Vincent Keymer"]
[Result "1-0"]
[EventDate "2022.07.10"]
[WhiteElo "2682"]
[BlackElo "2686"]
[PlyCount "62"]

1. d4 Nf6 2. c4 e6 3. g3 Bb4+ 4. Nd2 d5 5. Bg2 O-O 6. Nf3 dxc4 7. Qc2 a5 8. a3 Bxd2+ 9. Bxd2 b5 10. a4 Bb7 11. axb5 Qd5 12. O-O Qxb5 13. Qa4 Qa6 14. Qxa5 Qc6 15. Qc5 Qxc5 16. dxc5 Nbd7 17. Nd4 Bxg2 18. Kxg2 h5 19. Bb4 Ne5 20. Rfc1 Nd5 21. Ba5 Rfc8 22. f4 Nd7 23. e4 N5f6 24. Rxc4 Nxe4 25. Nc6 Nexc5 26. Rd1 Kh7 27. b4 Ra6 28. b5 Raa8 29. Bb4 Ra4 30. Rdd4 Nb3 31. Rxd7 1-0

[Event "FIDE Grand Prix Berlin"]
[Site "Berlin GER"]
[Date "2022.02.10"]
[Round "6.5"]
[White "Vidit Gujrathi"]
[Black "Vincent Keymer"]
[Result "1/2-1/2"]
[EventDate "?"]
[WhiteElo "2727"]
[BlackElo "2664"]
[PlyCount "144"]

1. c4 Nf6 2. Nf3 e6 3. g3 d5 4. Bg2 d4 5. d3 Nc6 6. O-O Bc5 7. Nbd2 Be7 8. Nb3 O-O 9. e3 dxe3 10. Bxe3 Ng4 11. Bc5 Bxc5 12. Nxc5 b6 13. Ne4 Bb7 14. d4 Rb8 15. Re1 Nf6 16. Nc3 Ne7 17. Ne5 Bxg2 18. Kxg2 c6 19. Qd3 Qc7 20. Rad1 Rbd8 21. Qf3 Rd6 22. b4 Ng6 $6 23. h4 Ne7 $6 24. b5 a6 25. a4 axb5 $6 26. axb5 Qc8 27. h5 h6 28. g4 $4 Nd7 29. Nxc6 Nxc6 30. bxc6 Rxc6 31. Nb5 Qb7 32. Nd6 Qc7 33. Nb5 Qb7 34. Ra1 Nf6 35. Re5 Nh7 36. Na7 Rc7 37. Qxb7 Rxb7 38. Nb5 Nf6 39. f3 Rd8 40. Kf2 Ne8 41. d5 exd5 42. Rxd5 Rc8 43. Rd4 Re7 44. Ra6 Re6 45. Ra7 Rec6 46. Ke3 Re6+ 47. Kd3 Rf6 48. f4 g6 $6 49. Nc3 Kf8 50. Nd5 Re6 51. hxg6 fxg6 52. f5 $6 gxf5 53. gxf5 Rd6 54. Nf4 Kg8 $6 55. Nd5 Kf8 56. Ke4 Rc5 57. Ra8 Kf7 58. Ra7+ Kf8 59. Ra8 Kf7 60. Rb8 Rdc6 61. Kd3 Nd6 62. Nb4 Rc8 63. Rxb6 Nxc4 64. Rb7+ R5c7 65. Rd7+ Rxd7+ 66. Rxd7+ Kf6 67. Ke4 Nd2+ 68. Ke3 Nf1+ 69. Kf2 Nh2 70. Kg3 Nf1+ 71. Kf2 Nh2 72. Kg3 Nf1+ 1/2-1/2

[Event "FIDE Grand Prix Berlin"]
[Site "Berlin GER"]
[Date "2022.02.09"]
[Round "5.5"]
[White "Vincent Keymer"]
[Black "Levon Aronian"]
[Result "0-1"]
[EventDate "?"]
[WhiteElo "2664"]
[BlackElo "2772"]
[PlyCount "70"]

1. d4 Nf6 2. c4 e6 3. Nf3 d5 4. Nc3 Bb4 5. Qa4+ Nc6 6. e3 O-O 7. Qc2 Qe7 8. Bd2 dxc4 9. Bxc4 e5 10. d5 Qc5 11. Ne4 Nxe4 12. Qxe4 Ne7 13. Nxe5 Bf5 14. Qf4 Bxd2+ 15. Kxd2 Qb4+ 16. Kc1 Qc5 17. g4 g5 18. b4 Qxb4 19. Qd4 Ng6 20. Bb3 Qa3+ 21. Kd2 c5 22. Qc3 Nxe5 23. gxf5 Rfe8 24. Rhg1 b5 25. Rxg5+ Kh8 26. Bd1 Qa6 27. Be2 Rad8 28. e4 Qa4 29. Rh5 Qxe4 30. Rg1 Rxd5+ 31. Kc1 Qf4+ 32. Kb1 Rd4 33. Bxb5 Rb4+ 34. Ka1 Rxb5 35. Re1 f6 0-1

[Event "All Pools | Berlin FIDE Grand Prix"]
[Site "Berlin GER"]
[Date "2022.02.06"]
[Round "3"]
[White " Aronian, Levon"]
[Black " Keymer, Vincent"]
[Result "1-0"]
[EventDate "?"]
[WhiteElo "2772"]
[BlackElo "2664"]
[PlyCount "84"]

1. e4 c6 2. d4 d5 3. exd5 cxd5 4. Bd3 Nf6 5. h3 Nc6 6. Nf3 Nb4 7. Nc3 g6 8. Ne5 a6 9. O-O Bg7 10. Re1 O-O 11. Bg5 Nxd3 12. cxd3 Qb6 13. Nf3 e6 14. Na4 Qd6 15. Qd2 a5 16. Rac1 Bd7 17. Nc5 b6 18. Bf4 Qe7 19. Nxd7 Nxd7 20. Rc7 Rfc8 21. Rec1 Qd8 22. Qc2 Rxc7 23. Qxc7 Qxc7 24. Rxc7 Rd8 25. Rb7 Kf8 26. Bd6+ Ke8 27. Ne5 Bxe5 28. dxe5 Rc8 29. d4 Kd8 30. Ra7 Rc4 31. b3 Rc1+ 32. Kh2 h6 33. Kg3 Rc3+ 34. f3 Rc6 35. h4 Rc8 36. h5 Rc6 37. Kh4 Rc8 38. g4 Ke8 39. f4 Kd8 40. hxg6 fxg6 41. g5 h5 42. f5 1-0

[Event "All Pools | Berlin FIDE Grand Prix"]
[Site "Berlin GER"]
[Date "2022.02.05"]
[Round "2"]
[White " Keymer, Vincent"]
[Black " Vidit, Santosh Gujrathi"]
[Result "1/2-1/2"]
[EventDate "?"]
[WhiteElo "2664"]
[BlackElo "2727"]
[PlyCount "76"]

1. d4 Nf6 2. c4 e6 3. Nf3 d5 4. Nc3 c5 5. cxd5 cxd4 6. Qxd4 exd5 7. e4 dxe4 8. Qxd8+ Kxd8 9. Ng5 Be6 10. Nxe6+ fxe6 11. Bg5 Nc6 12. Bc4 Ke7 13. Nxe4 Kf7 14. Bxf6 gxf6 15. O-O-O Rd8 16. Rxd8 Nxd8 17. Rd1 Be7 18. Rd7 f5 19. Nd6+ Kf6 20. Nxb7 Nxb7 21. Rxb7 Bc5 22. Rc7 Bxf2 23. Rc6 Re8 24. b4 Bg1 25. h3 Rb8 26. Rxe6+ Kg5 27. b5 Rc8 28. Rc6 Rxc6 29. bxc6 Bb6 30. Kd2 Kf6 31. Bd3 h6 32. Ke2 f4 33. Kf3 Bc7 34. Ke4 a5 35. Bc4 Bb8 36. Kd5 Bc7 37. Bd3 Bb8 38. Kc5 Bc7 1/2-1/2

[Event "Online Olympiad Top DivC 2021"]
[Site "chess.com INT"]
[Date "2021.09.11"]
[Round "9.3"]
[White "Vincent Keymer"]
[Black "Francesco Sonis"]
[Result "1-0"]
[EventDate "?"]
[WhiteElo "2607"]
[BlackElo "2523"]
[PlyCount "78"]

1. Nf3 d5 2. e3 Nf6 3. c4 e6 4. Nc3 b6 5. cxd5 exd5 6. g3 Bb7 7. Bg2 Bd6 8. O-O O-O 9. b3 Re8 10. Bb2 a6 11. Rc1 Nbd7 12. Re1 Qe7 13. Re2 Ne5 14. d3 Nxf3+ 15. Bxf3 Rad8 16. Rec2 c6 17. Bg2 h5 18. Na4 Bc7 19. Bd4 c5 20. Bxf6 Qxf6 21. d4 h4 22. dxc5 b5 23. c6 Bc8 24. Nc5 hxg3 25. hxg3 d4 26. Nd7 Qe7 27. exd4 Qd6 28. Qh5 Re7 29. Bh3 Qxd4 30. Rd1 Qb4 31. Bf5 Re1+ 32. Kg2 Bxd7 33. Rxd7 Rxd7 34. cxd7 Bd8 35. Rc8 Qa5 36. Qh7+ Kf8 37. Qh8+ Ke7 38. Qe8+ Kf6 39. Qxd8+ 1-0

[Event "European Championship"]
[Site "Reykjavik ISL"]
[Date "2021.09.04"]
[Round "10.1"]
[White "Anton Demchenko"]
[Black "Vincent Keymer"]
[Result "1/2-1/2"]
[EventDate "2021.08.26"]
[WhiteElo "2597"]
[BlackElo "2602"]
[PlyCount "102"]

1. e4 c6 2. d4 d5 3. Nc3 dxe4 4. Nxe4 Nf6 5. Nxf6+ exf6 6. Be3 Bd6 7. Bd3 Nd7 8. Ne2 f5 9. Bf4 Bxf4 10. Nxf4 O-O 11. O-O Nf6 12. c3 Qd6 13. Qf3 Re8 14. Rfe1 Bd7 15. Ne2 g6 16. Qf4 Qe7 17. Kf1 Nd5 18. Qg3 Qf8 19. Nf4 Nf6 20. f3 c5 21. dxc5 Qxc5 22. Qf2 Qc7 23. Qd4 Bc6 24. Nxg6 hxg6 25. Qxf6 Qf4 26. Qd4 Qxh2 27. Bc4 Red8 28. Qf6 Qh1+ 29. Kf2 Rd2+ 30. Be2 Rxe2+ 31. Kxe2 Qxg2+ 32. Kd3 Bxf3 33. c4 b5 34. Kc3 Rc8 35. Rac1 a5 36. Kb3 bxc4+ 37. Ka3 Qd2 38. Rxc4 Rb8 39. Rh4 Bh5 40. Re7 Qd5 41. Rc7 Qe6 42. Qxe6 fxe6 43. Rd4 e5 44. Rdd7 Re8 45. Kb3 f4 46. Kc3 e4 47. Rg7+ Kh8 48. Rh7+ Kg8 49. Rhg7+ Kh8 50. Rh7+ Kg8 51. Rhg7+ 1/2-1/2

[Event "European Championship"]
[Site "Reykjavik ISL"]
[Date "2021.09.03"]
[Round "9.1"]
[White "Vincent Keymer"]
[Black "Rauf Mamedov"]
[Result "1/2-1/2"]
[EventDate "2021.08.26"]
[WhiteElo "2602"]
[BlackElo "2654"]
[PlyCount "46"]

1. d4 Nf6 2. c4 g6 3. Nc3 Bg7 4. e4 d6 5. Be2 O-O 6. Nf3 e5 7. O-O h6 8. Re1 Nbd7 9. Qc2 Re8 10. dxe5 dxe5 11. Be3 Ng4 12. Bd2 c6 13. Na4 Nb6 14. c5 Nxa4 15. Qxa4 Be6 16. h3 Nf6 17. Be3 Nh5 18. Bc4 Nf4 19. Rad1 Qc7 20. a3 b5 21. cxb6 axb6 22. Qc2 Bxc4 23. Qxc4 Ne6 1/2-1/2

[Event "21st ch-EUR Indiv 2021"]
[Site "Reykjavik ISL"]
[Date "2021.09.02"]
[Round "8.2"]
[White "David Navara"]
[Black "Vincent Keymer"]
[Result "0-1"]
[EventDate "2021.08.26"]
[WhiteElo "2675"]
[BlackElo "2602"]
[PlyCount "120"]

1. c4 Nf6 2. Nc3 e5 3. Nf3 Nc6 4. g3 Bb4 5. Nd5 e4 6. Nh4 O-O 7. Bg2 d6 8. Nxb4 Nxb4 9. a3 Na6 10. d3 exd3 11. Qxd3 Nc5 12. Qc2 a5 13. b3 a4 14. b4 Nb3 15. Rb1 c5 16. bxc5 dxc5 17. O-O Bg4 18. Be3 Qc8 19. Rfd1 Ra6 20. f3 Be6 21. g4 Re8 22. Qc3 h6 23. Bf2 Nd4 24. Bxd4 cxd4 25. Rxd4 Rc6 26. Qb4 g5 27. Nf5 Bxf5 28. gxf5 Rxe2 29. Bf1 Re3 30. Kf2 Re5 31. Qxb7 Qxf5 32. Bd3 Qe6 33. Rd8+ Kg7 34. Qb4 Rcc5 35. Re1 Qh3 36. Kg1 g4 37. Rxe5 gxf3 38. Kf2 Qxh2+ 39. Kxf3 Qxe5 40. Qb8 Qa1 41. Qd6 Qd1+ 42. Ke3 Ng4+ 43. Kd4 Re5 44. c5 Qc1 45. Qf8+ Kf6 46. Rd6+ Kg5 47. Rb6 Qe3+ 48. Kc4 Qc1+ 49. Kb5 Qxa3 50. Qd6 Qc3 51. Bc4 f6 52. Rb8 a3 53. Rg8+ Kh4 54. Qd1 Qxc4+ 55. Kxc4 Ne3+ 56. Kd4 Nxd1 57. Ra8 Ne3 58. c6 Nf5+ 59. Kd3 Rc5 60. Ra4+ Kg5 0-1

[Event "European Championship"]
[Site "Reykjavik ISL"]
[Date "2021.09.01"]
[Round "7.2"]
[White "Vincent Keymer"]
[Black "Hovhannes Gabuzyan"]
[Result "1/2-1/2"]
[EventDate "2021.08.26"]
[WhiteElo "2602"]
[BlackElo "2587"]
[PlyCount "30"]

1. d4 Nf6 2. c4 c5 3. d5 g6 4. Nc3 Bg7 5. e4 d6 6. Nf3 O-O 7. Be2 e6 8. O-O a6 9. a4 exd5 10. cxd5 Bg4 11. Nd2 Bxe2 12. Qxe2 Nbd7 13. a5 Qe7 14. Nc4 Ne5 15. Nb6 1/2-1/2

[Event "European Championship"]
[Site "Reykjavik ISL"]
[Date "2021.08.31"]
[Round "6.7"]
[White "Grzegorz Gajewski"]
[Black "Vincent Keymer"]
[Result "0-1"]
[EventDate "2021.08.26"]
[WhiteElo "2617"]
[BlackElo "2602"]
[PlyCount "120"]

1. d4 Nf6 2. c4 e6 3. Nf3 d5 4. g3 Bb4+ 5. Bd2 Be7 6. Bg2 O-O 7. O-O c6 8. Qc2 Nbd7 9. Bf4 b6 10. Nbd2 Ba6 11. Rfd1 Rc8 12. Rac1 Nh5 13. Be3 h6 14. Ne5 Nhf6 15. Qa4 Nb8 16. Qb3 c5 17. cxd5 Nxd5 18. dxc5 Nxe3 19. Qxe3 Bxc5 20. Qf3 Bd4 21. Rxc8 Qxc8 22. Ndc4 Bxe5 23. Nxe5 Qc2 24. Qb3 Qxb3 25. axb3 Bxe2 26. Rc1 Rd8 27. Bf3 Bxf3 28. Nxf3 Kh7 29. Rc7 Rd7 30. Rc8 Rb7 31. Ne5 f6 32. Nd3 Na6 33. Kf1 Rd7 34. Ke2 e5 35. f4 exf4 36. Nxf4 Nb4 37. Kf3 Nd5 38. Ne6 Rd6 39. Nf8+ Kg8 40. Ne6+ Kf7 41. Nd8+ Ke7 42. Nc6+ Kd7 43. Nxa7 Ne7 44. Rc3 Rd2 45. h4 Nd5 46. Rc6 Rxb2 47. Ke4 Rd2 48. h5 f5+ 49. Ke5 Nf6 50. Kxf5 Ra2 51. Rxb6 Rxa7 52. Kg6 Kc7 53. Re6 Kd8 54. Re3 Ne8 55. g4 Rb7 56. Rd3+ Ke7 57. Rf3 Rb6+ 58. Kh7 Rb4 59. g5 hxg5 60. h6 Rh4 0-1

[Event "European Championship"]
[Site "Reykjavik ISL"]
[Date "2021.08.30"]
[Round "5.15"]
[White "Vincent Keymer"]
[Black "Roven Vogel"]
[Result "1-0"]
[EventDate "2021.08.26"]
[WhiteElo "2602"]
[BlackElo "2441"]
[PlyCount "122"]

1. d4 d5 2. c4 e6 3. Nc3 Nf6 4. Nf3 a6 5. cxd5 exd5 6. Bg5 Be6 7. e3 Nbd7 8. h3 Bd6 9. Bd3 c6 10. Bf4 Qb8 11. Qd2 h6 12. O-O-O c5 13. Bc2 c4 14. Bxd6 Qxd6 15. e4 dxe4 16. Bxe4 O-O-O 17. d5 Nc5 18. dxe6 Qxe6 19. Nd4 Ncxe4 20. Nxe6 Rxd2 21. Rxd2 Nxd2 22. Nc5 b6 23. Nxa6 Nde4 24. Nxe4 Nxe4 25. Re1 Nd6 26. Nb4 Kd7 27. Kd2 Ra8 28. f3 Ra5 29. Re2 Rb5 30. Kc3 Rc5 31. Kc2 Rb5 32. Kc3 Rc5 33. Rd2 Ke6 34. Nc2 Nb5+ 35. Kb4 c3 36. bxc3 Nxc3 37. Ne3 Rc8 38. a3 f5 39. a4 Rc5 40. g3 Re5 41. Nc4 Nd5+ 42. Kb5 Nc3+ 43. Kb4 Nd5+ 44. Kb5 Nc3+ 45. Ka6 Rd5 46. Rxd5 Kxd5 47. Nxb6+ Kc6 48. a5 Ne2 49. Nc4 Nxg3 50. Ka7 Kc7 51. Ne3 Ne2 52. Nxf5 g6 53. Ne7 Nd4 54. f4 g5 55. f5 Nb5+ 56. Ka6 Nd6 57. f6 h5 58. Nf5 Nf7 59. Kb5 g4 60. h4 Nd6+ 61. Kb4 1-0

[Event "European Championship"]
[Site "Reykjavik ISL"]
[Date "2021.08.29"]
[Round "4.28"]
[White "Nderim Saraci"]
[Black "Vincent Keymer"]
[Result "0-1"]
[EventDate "2021.08.26"]
[WhiteElo "2455"]
[BlackElo "2602"]
[PlyCount "110"]

1. d4 Nf6 2. c4 e6 3. Nf3 d5 4. Nc3 c6 5. Bg5 h6 6. Bxf6 Qxf6 7. g3 Nd7 8. Bg2 dxc4 9. O-O Be7 10. e3 O-O 11. Nd2 Nb6 12. Qh5 Rd8 13. a4 a5 14. Rfc1 Bb4 15. Bf1 e5 16. dxe5 Qf5 17. Qxf5 Bxf5 18. Nxc4 Nxc4 19. Bxc4 Rd2 20. b3 Re8 21. Ne2 Bg4 22. Nf4 Rxe5 23. Nd3 Rh5 24. Nxb4 axb4 25. e4 Re5 26. Re1 g5 27. Kg2 Kg7 28. h3 Bh5 29. Re3 f5 30. Rae1 Rb2 31. exf5 Rxf5 32. Rf1 Bf7 33. Re7 b6 34. Rb7 c5 35. Rxb6 Bxc4 36. bxc4 Ra2 37. Rb7+ Kf6 38. Rb5 Rxa4 39. Re1 Ra6 40. Re8 Kg7 41. Re7+ Rf7 42. Rxf7+ Kxf7 43. Rxc5 Rb6 44. Re5 b3 45. Re1 b2 46. Rb1 Ke6 47. Kf3 Kd6 48. Ke3 Kc5 49. Kd2 Kxc4 50. Kc2 Kd4 51. f4 gxf4 52. gxf4 Ke4 53. Rxb2 Rxb2+ 54. Kxb2 Kxf4 55. Kc2 Kg3 0-1

[Event "European Championship"]
[Site "Reykjavik ISL"]
[Date "2021.08.28"]
[Round "3.2"]
[White "Vincent Keymer"]
[Black "Alexey Sarana"]
[Result "0-1"]
[EventDate "2021.08.26"]
[WhiteElo "2602"]
[BlackElo "2643"]
[PlyCount "76"]

1. Nf3 d5 2. e3 Nf6 3. c4 e6 4. Nc3 dxc4 5. Bxc4 a6 6. e4 c5 7. d4 b5 8. Bb3 cxd4 9. Nxd4 Nbd7 10. Be3 Bb4 11. O-O Bb7 12. a4 O-O 13. axb5 axb5 14. Ndxb5 Rxa1 15. Qxa1 Nxe4 16. Rd1 Qe7 17. Bc2 Nxc3 18. bxc3 Bc5 19. Qc1 Nf6 20. Qd2 Bxg2 21. Kxg2 Bxe3 22. Qxe3 Qb7+ 23. Kg1 Qxb5 24. Bd3 Qa4 25. Be2 Nd5 26. Qd2 Qe4 27. c4 Nf4 28. Bf1 h6 29. c5 Rc8 30. Rc1 e5 31. h3 Rc6 32. Rc3 Qb1 33. Rc1 Rg6+ 34. Kh2 Qe4 35. Rc4 Qc6 36. f3 Qxf3 37. Rc1 Qg3+ 38. Kh1 Qg1# 0-1

[Event "European Championship"]
[Site "Reykjavik ISL"]
[Date "2021.08.27"]
[Round "2.25"]
[White "Vincent Keymer"]
[Black "Quentin Loiseau"]
[Result "1-0"]
[EventDate "2021.08.26"]
[WhiteElo "2602"]
[BlackElo "2466"]
[PlyCount "62"]

1. c4 e6 2. Nf3 Nf6 3. b3 d5 4. Bb2 Be7 5. e3 O-O 6. Nc3 c5 7. cxd5 Nxd5 8. Qc2 Nb4 9. Qb1 N8c6 10. a3 Nd5 11. Qc2 b6 12. h4 f5 13. Rd1 Qe8 14. Bc4 Nc7 15. h5 Bb7 16. h6 g5 17. Nb5 Nxb5 18. Bxe6+ Rf7 19. Qxf5 Nbd4 20. exd4 Nd8 21. Bxf7+ Nxf7 22. O-O Rd8 23. Rfe1 Qf8 24. dxc5 Rd5 25. Qe6 Bxc5 26. b4 Bd6 27. Qf6 Qxh6 28. Re8+ Bf8 29. Qxh6 Nxh6 30. Rc1 Rf5 31. Rc7 1-0

[Event "European Championship"]
[Site "Reykjavik ISL"]
[Date "2021.08.26"]
[Round "1.32"]
[White "Edmund C Player"]
[Black "Vincent Keymer"]
[Result "0-1"]
[EventDate "2021.08.26"]
[WhiteElo "2172"]
[BlackElo "2602"]
[PlyCount "92"]

1. e4 c5 2. Nf3 d6 3. d4 cxd4 4. Nxd4 Nf6 5. Nc3 a6 6. h3 e5 7. Nde2 h5 8. g3 Be6 9. Bg2 b5 10. Nd5 Nxd5 11. exd5 Bf5 12. O-O Qc8 13. Kh2 Bxc2 14. Qe1 Be7 15. f4 e4 16. Bd2 Bd3 17. Rc1 Qd7 18. f5 O-O 19. f6 gxf6 20. Rf4 Re8 21. Bxe4 Bxe4 22. Rxe4 f5 23. Re3 a5 24. Nf4 Na6 25. Qe2 Bg5 26. Re1 Rxe3 27. Qxe3 f6 28. Qe2 Nc5 29. Qxh5 Ne4 30. Qg6+ Qg7 31. Qxg7+ Kxg7 32. Ne6+ Kg6 33. Bxg5 fxg5 34. g4 Nd2 35. Nd4 f4 36. Re2 Nf1+ 37. Kg1 Ne3 38. Nxb5 Rh8 39. Nxd6 Rxh3 40. Nc8 Rg3+ 41. Kh1 Nxg4 42. Rg2 Rh3+ 43. Kg1 Kh5 44. d6 Rd3 45. Rc2 Rd1+ 46. Kg2 Ne3+ 0-1